<?xml version="1.0" encoding="UTF-8"?>
<record
    xmlns:xsi="http://www.w3.org/2001/XMLSchema-instance"
    xsi:schemaLocation="http://www.loc.gov/MARC21/slim http://www.loc.gov/standards/marcxml/schema/MARC21slim.xsd"
    xmlns="http://www.loc.gov/MARC21/slim">

  <leader>02662nam a2200289 a 4500</leader>
  <controlfield tag="001">000021022</controlfield>
  <controlfield tag="003">OSt</controlfield>
  <controlfield tag="005">20240710123700.0</controlfield>
  <controlfield tag="008">100830s2006    dr            001 0cspa d</controlfield>
  <datafield tag="040" ind1=" " ind2=" ">
    <subfield code="a">DO-SdBNP</subfield>
    <subfield code="b">spa</subfield>
    <subfield code="c">BNPHU</subfield>
  </datafield>
  <datafield tag="082" ind1=" " ind2=" ">
    <subfield code="a">923.27293</subfield>
    <subfield code="b">B719M</subfield>
  </datafield>
  <datafield tag="100" ind1="1" ind2=" ">
    <subfield code="a">Mart&#xED;nez Almanzar, Juan Francisco</subfield>
    <subfield code="d">1950 -</subfield>
    <subfield code="9">10459</subfield>
  </datafield>
  <datafield tag="245" ind1="1" ind2="0">
    <subfield code="a">Bono, Luper&#xF3;n y Heureaux /</subfield>
    <subfield code="c">Juan Francisco Mart&#xED;nez Almanzar.</subfield>
  </datafield>
  <datafield tag="260" ind1=" " ind2=" ">
    <subfield code="a">Santo Domingo :</subfield>
    <subfield code="b">Centro de Adiestramiento e Investigaci&#xF3;n Social (CAIS),</subfield>
    <subfield code="c">2006.</subfield>
  </datafield>
  <datafield tag="300" ind1=" " ind2=" ">
    <subfield code="a">99, lxxi p. ;</subfield>
    <subfield code="c">22 cm.</subfield>
  </datafield>
  <datafield tag="504" ind1=" " ind2=" ">
    <subfield code="a">Incluye referencias bibliogr&#xE1;ficas y notas al pie de las p&#xE1;ginas.</subfield>
  </datafield>
  <datafield tag="505" ind1="0" ind2=" ">
    <subfield code="t">Presentaci&#xF3;n --</subfield>
    <subfield code="g">Primera parte:</subfield>
    <subfield code="t">Los aportes de Bon&#xF3; --</subfield>
    <subfield code="t">Or&#xED;genes de Bon&#xF3; --</subfield>
    <subfield code="t">Nacimiento y adolescencia --</subfield>
    <subfield code="t">Bon&#xF3; y su familia --</subfield>
    <subfield code="t">Los aportes de Bon&#xF3; a la sociolog&#xED;a --</subfield>
    <subfield code="t">Apuntes para cuatro ministerio de la Rep&#xFA;blica --</subfield>
    <subfield code="t">La primera guerra civil --</subfield>
    <subfield code="t">Bon&#xF3; y Duarte --</subfield>
    <subfield code="t">Bon&#xF3; se separa del Gobierno Restaurador --</subfield>
    <subfield code="t">Bon&#xF3; luego de la Guerra de Restauraci&#xF3;n --</subfield>
    <subfield code="t">La obra "estudios" --</subfield>
    <subfield code="t">Apuntes sobre las clases trabajadoras dominicanas --</subfield>
    <subfield code="t">Agricultura y ganader&#xED;a --</subfield>
    <subfield code="g">Segunda parte:</subfield>
    <subfield code="t">Bon&#xF3;, Luper&#xF3;n y la candidatura presidencial --</subfield>
    <subfield code="t">Bon&#xF3; rechaza la candidatura presidencial --</subfield>
    <subfield code="g">Tercera parte:</subfield>
    <subfield code="t">Las relaciones entre Bon&#xF3; y Heureaux --</subfield>
    <subfield code="t">Bon&#xF3; y Heureaux --</subfield>
    <subfield code="t">Correspondencias en 1883 --</subfield>
    <subfield code="t">Las misivas en 1887 --</subfield>
    <subfield code="t">Correspondencias en 1895 --</subfield>
    <subfield code="t">Las correspondecias de Heureaux y Bon&#xF3; el 25 de julio de 1899 --</subfield>
    <subfield code="g">Cuarta parte:</subfield>
    <subfield code="t">Ulises Heureaux --</subfield>
    <subfield code="t">Los inicios de Ulises Heureaux --</subfield>
    <subfield code="t">Heureaux en Hait&#xED; --</subfield>
    <subfield code="t">Primera presidencia de Heureaux --</subfield>
    <subfield code="t">Elecciones de 1886 --</subfield>
    <subfield code="t">Modificaciones a la constituci&#xF3;n --</subfield>
    <subfield code="t">Los dos &#xFA;ltimos a&#xF1;os de Heureaux en el poder --</subfield>
    <subfield code="t">Heureaux en S&#xE1;nchez --</subfield>
    <subfield code="t">Heureaux en La Vega --</subfield>
    <subfield code="t">Heureaux llega a Moca --</subfield>
    <subfield code="t">Los conjurados en acci&#xF3;n --</subfield>
    <subfield code="t">Los planes para matar a Lil&#xED;s --</subfield>
    <subfield code="t">Distintas versiones en torno a la muerte --</subfield>
    <subfield code="t">Trasladan cad&#xE1;ver a la gobernaci&#xF3;n --</subfield>
    <subfield code="t">El cad&#xE1;ver es trasladado a Santiago --</subfield>
    <subfield code="t">Entierro de L&#xED;lis --</subfield>
    <subfield code="t">Anexos --</subfield>
    <subfield code="t">Notas --</subfield>
    <subfield code="t">Conferencia: Los aportes de Pedro Francisco Bon&#xF3; a sociolog&#xED;a dominicana --</subfield>
    <subfield code="t">Cronolog&#xED;a de Bon&#xF3; --</subfield>
    <subfield code="t">Trayectoria de Gregorio Luper&#xF3;n --</subfield>
    <subfield code="t">Trayectoria de Ulises Heureaux</subfield>
  </datafield>
  <datafield tag="590" ind1=" " ind2=" ">
    <subfield code="a">Inventariado, 2020 / DG</subfield>
  </datafield>
  <datafield tag="600" ind1="1" ind2="4">
    <subfield code="a">BON&#xD3;, PEDRO FRANCISCO,</subfield>
    <subfield code="d">1828-1906</subfield>
    <subfield code="9">1351</subfield>
  </datafield>
  <datafield tag="600" ind1="1" ind2="0">
    <subfield code="a"> Heureaux, Ulises, </subfield>
    <subfield code="d">1845-1899</subfield>
    <subfield code="9">598</subfield>
  </datafield>
  <datafield tag="600" ind1="1" ind2="0">
    <subfield code="a">Luper&#xF3;n, Gregorio,</subfield>
    <subfield code="d">1839-1897</subfield>
    <subfield code="9">888</subfield>
  </datafield>
  <datafield tag="650" ind1=" " ind2="4">
    <subfield code="a">Presidentes</subfield>
    <subfield code="z">Rep&#xFA;blica Dominicana</subfield>
    <subfield code="v">BIOGRAF&#xCD;AS</subfield>
    <subfield code="9">1288</subfield>
  </datafield>
  <datafield tag="651" ind1=" " ind2="4">
    <subfield code="a">Rep&#xFA;blica Dominicana</subfield>
    <subfield code="x">Historia</subfield>
    <subfield code="x">Restauraci&#xF3;n 1863-1865</subfield>
    <subfield code="9">43986</subfield>
  </datafield>
  <datafield tag="651" ind1=" " ind2="0">
    <subfield code="a">Rep&#xFA;blica Dominicana --</subfield>
    <subfield code="x">Historia --</subfield>
    <subfield code="y">1844-1930</subfield>
    <subfield code="9">1009</subfield>
  </datafield>
  <datafield tag="910" ind1=" " ind2=" ">
    <subfield code="a">Validado. Control de calidad BNPHU.</subfield>
  </datafield>
  <datafield tag="942" ind1=" " ind2=" ">
    <subfield code="2">ddc</subfield>
    <subfield code="c">LF1</subfield>
  </datafield>
  <datafield tag="952" ind1=" " ind2=" ">
    <subfield code="0">0</subfield>
    <subfield code="1">0</subfield>
    <subfield code="5">4</subfield>
    <subfield code="7">0</subfield>
    <subfield code="8">DS</subfield>
    <subfield code="a">GR</subfield>
    <subfield code="b">GR</subfield>
    <subfield code="c">HD</subfield>
    <subfield code="d">2011-03-15</subfield>
    <subfield code="i">LF1</subfield>
    <subfield code="l">0</subfield>
    <subfield code="o">923.17293 B719M</subfield>
    <subfield code="p">21022-30</subfield>
    <subfield code="r">2020-06-25</subfield>
    <subfield code="t">e. 3</subfield>
    <subfield code="w">2020-06-25</subfield>
    <subfield code="y">LFDS</subfield>
    <subfield code="Z">Pr&#xE9;stamo en sala</subfield>
  </datafield>
  <datafield tag="952" ind1=" " ind2=" ">
    <subfield code="0">0</subfield>
    <subfield code="1">0</subfield>
    <subfield code="2">ddc</subfield>
    <subfield code="7">1</subfield>
    <subfield code="8">PD</subfield>
    <subfield code="a">PD</subfield>
    <subfield code="b">PD</subfield>
    <subfield code="c">CT</subfield>
    <subfield code="d">2010-08-30</subfield>
    <subfield code="e">Donaci&#xF2;n</subfield>
    <subfield code="i">LF1</subfield>
    <subfield code="l">0</subfield>
    <subfield code="o">923.17293 B719M</subfield>
    <subfield code="p">21022-10</subfield>
    <subfield code="r">2020-06-25</subfield>
    <subfield code="t">e.2</subfield>
    <subfield code="w">2020-06-25</subfield>
    <subfield code="y">LFPD</subfield>
  </datafield>
  <datafield tag="952" ind1=" " ind2=" ">
    <subfield code="0">0</subfield>
    <subfield code="1">0</subfield>
    <subfield code="2">ddc</subfield>
    <subfield code="7">1</subfield>
    <subfield code="8">PD</subfield>
    <subfield code="a">PD</subfield>
    <subfield code="b">PD</subfield>
    <subfield code="d">2011-03-15</subfield>
    <subfield code="i">LF1</subfield>
    <subfield code="l">0</subfield>
    <subfield code="o">923.17293 B719M</subfield>
    <subfield code="p">21022-20</subfield>
    <subfield code="r">2020-06-25</subfield>
    <subfield code="w">2020-06-25</subfield>
    <subfield code="y">LFPD</subfield>
  </datafield>
  <datafield tag="999" ind1=" " ind2=" ">
    <subfield code="c">20525</subfield>
    <subfield code="d">20525</subfield>
  </datafield>
</record>
